• 首页
  • 本馆介绍
  • 公告通知
  • 最新文献
  • 馆藏检索
  • 电子资源
  • 读者导购
  • 参考咨询
  • 我的图书馆
  • 登录
  • 详细信息显示
  • 放入我的书架
  • 预约/预借图书
  • 作者相关作品
  • 分类相关作品
  • 丛书相关作品
  • 出版社相关作品

书目信息

  • 表格格式
  • 工作单格式
  • 卡片格式
题名:
电子CAD
    
 
作者: 林红华主编
分册:  
出版信息: 北京   高等教育出版社  2016
页数: 287页
开本: 26cm
丛书名:
单 册:
中图分类: TN410.2
科图分类:
主题词: 印刷电路--教材--计算机辅助设计--中等专业学校--应用软件
电子资源:
ISBN: 978-7-04-045042-2
000 01123nam0 2200229 450
001 9
005 20160905103441.90
010    @a978-7-04-045042-2@dCNY32.50
100    @a20160527d2016 em y0chiy50 ea
101 0  @achi
102    @aCN@b110000
105    @aa z 000yy
200 1  @a电子CAD@eAltium Designer@f林红华主编
210    @a北京@c高等教育出版社@d2016
215    @a287页@c图@d26cm
300    @a“十二五”职业教育国家规划教材配套教学用书
330    @a本书是“十二五”职业教育国家规划教材配套教学用书,依据中等职业学校相关专业教学大纲, 并参照相关的国家职业技能标准和行业职业技能鉴定规范以及全国职业院校技能大赛相关项目要求,结合近几年中等职业教育的实际教学情况编写而成。本书主要内容包括元件库的统一管理、原理图的绘制和仿真、PCB的设计、设计文件的输出、单层板实例制作——遮光式计数器以及双层板实例制作——数控电源。本书可作为中等职业学校电子技术应用、电子与信息技术等相关专业教材,也可作为相关培训用书。
517 1  @aAltium Designer
606 0  @a印刷电路@j教材@x计算机辅助设计@x中等专业学校@x应用软件
690    @aTN410.2@v5
801  0 @aCN@b大连网信软件有限公司图书馆·11@c20160905
905    @aZUCC@dTN410.2@e130
    
    电子CAD:Altium Designer/林红华主编.-北京:高等教育出版社,2016
    287页:图;26cm
    “十二五”职业教育国家规划教材配套教学用书
    
    ISBN 978-7-04-045042-2:CNY32.50
    本书是“十二五”职业教育国家规划教材配套教学用书,依据中等职业学校相关专业教学大纲, 并参照相关的国家职业技能标准和行业职业技能鉴定规范以及全国职业院校技能大赛相关项目要求,结合近几年中等职业教育的实际教学情况编写而成。本书主要内容包括元件库的统一管理、原理图的绘制和仿真、PCB的设计、设计文件的输出、单层板实例制作——遮光式计数器以及双层板实例制作——数控电源。本书可作为中等职业学校电子技术应用、电子与信息技术等相关专业教材,也可作为相关培训用书。
●
相关链接 在E读中查询图书 在五车中查询图书 在当当中查询图书 在豆瓣中查询图书


正题名:电子CAD     索取号:TN410.2/130         预约/预借

序号 登录号 条形码 馆藏地/架位号 状态 备注
1 900028   209000285   第二样本阅览室/ [索取号:TN410.2/130] 在馆    
2 900029   209000294   第三借阅区/ [索取号:TN410.2/130] 在馆    
3 900030   209000301   第三借阅区/ [索取号:TN410.2/130] 在馆    
4 900031   209000310   第三借阅区/ [索取号:TN410.2/130] 在馆    
5 900032   209000329   第三借阅区/ [索取号:TN410.2/130] 在馆    
唐山师范学院图书馆 欢迎您!
大连网信软件有限公司© 版权所有